Представление документа в формате RUSMARC

ПолеНазваниеЗначение
  Тип записи a
  Библиографический уровень a
001 Контрольный номер RU/REG73/CBS_GRAD/74002f21764b450f9bc47bccbee2c6c7
005 Дата корректировки 20260414143245.4
100 Данные общей обработки __
a Данные общей обработки 20260410a2026####|||c0rusy0189 ca
101 Язык документа 0_
a Язык текста rus
102 Страна публикации __
a Страна публикации RU
200 Заглавие и сведения об ответственности 1_
a Заглавие От истоков до юбилея
e Сведения, относящиеся к заглавию 60 лет ульяновским Краеведческим чтениям
333 Примечание о целевом назначении __
a Примечание о целевом назначении 12+
461 Уровень набора _0
1 2000
a Мономах
463 Уровень физической единицы _0
1 2000
a № 2 (152) (апрель)
v С. 59
1 2101
d 2026
1 001RU/REG73/CBS_GRAD/027b20b7b5f44569932a95832e5ba47e
606 Тематические рубрики 0_
a Основная рубрика Краеведение
610 Ключевые слова 0_
a Ключевые слова краеведческие чтения; Ульяновская областная научная библиотека; Дворец книги
686 Индексы других классификаций __
a Классификационный индекс 78
2 Код системы rubbk
801 Источник записи _0
a Страна RU
b Организация RuCBSGrad
c Дата составления 20260414
g Правила каталогизации RCR
801 Источник записи _1
a Страна RU
b Организация RuCBSGrad
c Дата составления 20260414
g Правила каталогизации RCR
852 Данные о местонахождении __
a Наименование организации МБУК ЦБС г. Димитровграда
901 Тип документа __
t Тип документа b
w Контрольный № источника RU/REG73/CBS_GRAD/027b20b7b5f44569932a95832e5ba47e
909 Создатель записи __
a Создатель записи Тенигина
b Дата создания записи 20260414